Seventy-five melodious and progressive studies for violin, Op. 36

Shranjeno v:
Bibliografske podrobnosti
Glavni avtor: Mazas, Jacques-Féréol (autor)
Format: Glasb Knjiga
Jezik:angleščina
Izdano: Nueva York Carl Fischer 1901
Serija:Carl Fischer Music Library, 100-101
Teme:
Oznake: Označite
Brez oznak, prvi označite!

MARC

LEADER 00000ncm a2200000 a 4500
001 UCN6890
003 CL-VaPUC
005 20250228122831.0
008 011005e19010000US |||||||||||||||||eng|d
999 |c 297465  |d 297463 
040 |c Pontificia Universidad Católica de Valparaíso 
082 0 4 |a Vn787.2193 MAZ 1901  |2 21 
100 |a Mazas, Jacques-Féréol  |e autor  |9 625736 
245 1 0 |a Seventy-five melodious and progressive studies for violin, Op. 36 
260 |a Nueva York  |b Carl Fischer  |c 1901 
300 |a v 
490 0 |a Carl Fischer Music Library, 100-101 
500 |a v.1: Special studies 
500 |a v.2: Brillant studies 
500 |a v.3: Artists's studies 
583 |a last modification  |c 20011005 00:00:00  |k Rodrigo Vera 
650 0 |a Violín  |x Estudio e instrucción  |9 462623 
650 0 |a Violín  |x Repertorio  |9 462649 
650 0 |a Violín  |x Estudio y ejercicios  |9 462626 
942 |c BK  |2 ddc 
945 |d 20011005 00:00:00  |a lriquelm 
952 |0 0  |1 0  |4 0  |6 VN_787_219300000000000_MAZ_1901  |7 0  |8 F  |9 352234  |a BIBEDU  |b BIBEDU  |d 2019-11-21  |h v.1  |i 1171550  |o Vn787.2193 MAZ 1901  |p 1171550  |r 2023-11-22  |w 2019-11-21  |y PA  |k MUS 
952 |0 0  |1 0  |4 0  |6 VN_787_219300000000000_MAZ_1901  |7 0  |8 F  |9 352235  |a BIBEDU  |b BIBEDU  |d 2019-11-21  |h v.2  |i 1171569  |o Vn787.2193 MAZ 1901  |p 1171569  |r 2023-11-22  |w 2019-11-21  |y PA  |k MUS